01598cam a22003735a 450000100090000000300090000900500170001800800410003502000180007604000380009404300210013208200230015324501290017626400340030530000470033933600260038633700280041233800270044049000590046750400520052665000470057865000760062565000780070165000660077965000660084565100100091165300250092165500170094670000510096370000310101494200120104599900170105795201500107417431512EG-ScBUE20260121102849.0120815s2012 ne a f b 001 0 eng d a9780444537843 aDLCbengerdacDLCdDLCdEG-ScBUE ar------ae-ru---04222a551.80954bENE00aEnergy potential of the Russian Arctic seas :bchoice of development strategy /cedited by Alexey Piskarev, Mikhail Shkatov. 1aAmsterdam :bElsevier,c2012. aviii, 425 pages :billustrations ;c24 cm. 2rdacontentatextbtxt aunmediated2rdamediabn avolumebnc2rdacarrier0 aDevelopments in petroleum science,x0376-7361 ;vv. 58 aIncludes bibliographical references and index.  7aPetroleumxGeologyzArctic regions.2BUEsh 7aPetroleum in submerged landszRussia (Federation)zArctic Coast.2BUEsh 7aNatural gas in submerged landszRussia (Federation)zArctic Coast.2BUEsh 7aSedimentary basinszRussia (Federation)zArctic Coast.2BUEsh 7aPetroleumxGeologyzRussia (Federation)zArctic Coast.2BUEsh 2BUEsh bENGPETcDecember2016 vReading book1 aPiskarev, A. L.q(Aleksei Lazarevich)eeditor.1 aShkatov, Mikhail,eeditor. 2ddccBB c23783d23755 00102ddc40708AcademicaMAINbMAINc1STd2016-12-29ePurchaseg1360.00h2000085l0o551.80954 ENEp000040703r2025-07-15 00:00:00v1700.00yBB